| 000 | 00990cam a2200265 4500 | ||
|---|---|---|---|
| 008 | 000000n2001 000 0 eng u | ||
| 020 | _a0117729345 | ||
| 035 | _a(Sirsi) u112929 | ||
| 041 | _aeng. | ||
| 050 | _a333.72 | ||
| 110 |
_aDefence Estates _93814 |
||
| 245 | _aBuilding energy management systems | ||
| 260 |
_aLondon _bStationery Office _c2001 |
||
| 300 |
_axii,50p. _c31cm. |
||
| 350 | _a20 | ||
| 490 |
_aDesign & Maintenance Guide _v22 |
||
| 520 | _aAims to provide assistance to project sponsors, property managers, specifiers, designers, energy managers and operators in the procurement, use and maintenance of Building Energy Management Systems. | ||
| 650 | _aMONITORING SYSTEMS | ||
| 650 | _aBUILDING ENERGY MANAGEMENT SYSTEMS | ||
| 650 | _aCOMPUTER CONTROL AND MONITORING SYSTEMS | ||
| 650 | _aMANAGEMENT-BUSINESS MANAGEMENT-INFORMATION MANAGEMENT | ||
| 650 | _aENGINEERING SERVICES | ||
| 690 | _aBUILDING AND CONSTRUCTION-ENERGY MANAGEMENT | ||
| 942 | _n0 | ||
| 999 |
_c101480 _d101480 |
||